00676 2200253 4500001002100000005001700021008004100038020001800079035002400097082001000121090002200131100002300153245007700176250001100253260003100264300001900295500003100314650001000345850001500355980001400370985000600384986001100390999002100401YOGYA-0209000004585720090227031017.0 ind  a979-21-0955-2 0010-020900000045857 a235.4 a235.4bPra SlDEP aPRANJANA, Stefanus aSetan menurut orang Katolikbperspektif perjanjian barucStefanus Pranja aCet. 1 aYogyakartabKanisiusc2005 a224 hlmc21 cm aBibliografi : hlm. 215-223 aIblis aYOPDYOG(M) a27-3-2007 a1 aPrames a2005-264hCB-D.11